[Event "Mostoles op 10th"]
[Site "Mostoles"]
[Date "2019.07.19"]
[Round "2"]
[White "Poceiro Solino, Juan Octavio"]
[Black "Gonzalez Pinar, Adrian"]
[Result "0-1"]
[WhiteElo "1715"]
[BlackElo "1866"]
[PlyCount "60"]
[EventDate "2019.07.18"]
[EventType "swiss"]
[EventRounds "9"]
[EventCountry "ESP"]
[SourceTitle "EXT 2020"]
[Source "ChessBase"]
[SourceDate "2019.10.17"]
[SourceVersion "1"]
[SourceVersionDate "2019.10.17"]
[SourceQuality "1"]

1. e4 e6 2. d3 d5 3. Nd2 c5 4. g3 Nc6 5. Bg2 g6 6. Ngf3 Bg7 7. 0-0 Nge7 8. Re1 0-0 9. c3 b6 10. e5 Qc7 11. d4 cxd4 12. cxd4 Nb4 13. Re3 Qc2 14. Qe1 Nd3 15. Qf1 Ba6 16. Ne1 Nxe1 17. Qxa6 Nxg2 18. Rc3 Qd1+ 19. Kxg2 Nf5 20. Nb3 Qh5 21. Bd2 f6 22. Rac1 fxe5 23. Rc8 exd4 24. Bb4 Nh4+ 25. gxh4 Qf3+ 26. Kg1 Qxf2+ 27. Kh1 Be5 28. R1c2 Qf3+ 29. Kg1 Raxc8 30. Qxc8 Qf1# 0-1